Робинзон Крузо (Бичлэгийн дугаар. 882280)

MARC дэлгэрэнгүй
000 -Удирдлага
Ном зүйн бүртгэл тоо буюу кодлох утгыг агуулсан 00829nam a22002177a 4500
008 - ЕРӨНХИЙ МЭДЭЭЛЭЛ-ЭЛЕМЕНТҮҮДИЙН ӨГӨГДЛИЙН УРТ
fixed length control field 240605b mp ||||| |||| 00| 0 mon d
035 ## - СИСТЕМИЙН ХЯНАЛТЫН ДУГААР
Системийн хяналтын дугаар 10180
040 ## - ЭХ СУРВАЛЖИЙГ ТОДОРХОЙЛОН БИЧИХ
Анхны каталогийн байгууллага HE0623081
Каталогийн хэл Монгол
Бичлэг хийж нэвтрүүлэх байгууллага MN-UlNLM
Өөрчлүүлэх байгууллага MN-UlNLM
Бичиглэлийн тодорхойлолт rda
041 ## - ХЭЛНИЙ КОД
Текстийн хэлний код/фонограм буюу салангид гарчиг Монгол
042 ## - AUTHENTICATION CODE
Authentication code 21435
084 ## - БУСАД АНГИЛЛЫН ДУГААР
Ангиллын нэр Номын сан номзүйн ангилал
Анги 84(0)-44
Зохиогчийн 3-н тэмдэгт Д-393
100 ## - ЗОХИОГЧИЙН ХЭСЭГ
Зохиогчийн нэр Дефо Даниэль
245 #0 - ҮНДСЭН ГАРЧИГ
Гарчиг Робинзон Крузо
264 ## - ГАРАЛТЫН МЭДЭЭ
Хэвлэгдсэн газар УБ.
Бүтээгч, хэвлэгч, түгээгч, үйлдвэрлэгчийн нэр Хэвлэлийн комбинат
Хэвлэгдсэн он 1980
300 ## - ТООНЫ МЭДЭЭ
Хуудасны тоо 213х.
336 ## - АГУУЛГЫН ТӨРӨЛ
Нөөц rdacontent
Агуулгын төрлийн нөхцөл text
Агуулгын төрлийн код txt
337 ## - MEDIA TYPE
Эх сурвалж rdamedia
Файлын төрөл unmediated
Файлын код n
338 ## - CARRIER TYPE
Source rdacarrier
Carrier type term volume
Carrier type code nc
650 ## - Сэдэв
Сэдэв Агуулга : Английн зохиолч Даниэль Дефо дэлхийн уран зохиолд * Робинзон Крузо * романаараа мөнхөрсөн юм. 300 гаруй жилийн туршид...
942 ## - ЭЛЕМЕНТИЙН ТӨРӨЛ
Анги Номын сан номзүйн ангилал
Төрөл Ном
Захиалгууд
Буцаан татагдсан төлөв Хасагдсан шалтгаан Гэмтсэн төлөв Данс заагч Захиалах боломжгүй Үндсэн номын сан Одоогийн байршил Салбар танхим Салбар танхим Бүртгэсэн огноо Тавиурын заалт Баркод Үнэ Хамгийн сүүлд байсан огноо Нийт уншлаганд гарсан тоо Дансны дугаар Төрөл
          Хэнтий Хэнтий Хэнтий | Нийтийн уншлагын танхим Хэнтий | Нийтийн уншлагын танхим 2024-06-12 84(0)-44 Д-393 HE06210180-2-1 210.00 2024-06-12   8127 Ном
          Хэнтий Хэнтий Хэнтий | Нийтийн уншлагын танхим Хэнтий | Нийтийн уншлагын танхим 2024-06-12 84(0)-44 Д-393 HE06210180-2-2 210.00 2024-06-12   6316 Ном
          Хэнтий Хэнтий Хэнтий | Нийтийн уншлагын танхим Хэнтий | Нийтийн уншлагын танхим 2024-06-12 84(0)-44 Д-393 HE06210180-2-3 420.00 2024-06-12   6301 Ном
          Хэнтий Хэнтий Хэнтий | Хүүхдийн уншлагын танхим Хэнтий | Хүүхдийн уншлагын танхим 2024-06-12 84(0)-44 Д-393 HE06210180-3-1 210.00 2024-06-12   5204 Ном